| 000 | 00543nam a2200193Ia 4500 | ||
|---|---|---|---|
| 008 | 131103s9999 xx 000 0 und d | ||
| 040 | _aLoreto College | ||
| 041 | _aEnglish | ||
| 082 |
_a922/VIN _bLCLIB |
||
| 100 | _aMaynard, Theodore | ||
| 245 |
_aApostle of charity _b The life of ST. Vincent De Paul _cTheodore Maynard |
||
| 260 |
_aLondon _bThe Catholic Book Club _c1941 |
||
| 300 |
_a318p. _c 21cm. |
||
| 504 | _aIncludes index | ||
| 650 | _aVincent De Paul, ST. | ||
| 651 | _aBiography | ||
| 850 | _aLCLIB/922/VIN | ||
| 942 | _cBK | ||
| 999 |
_c25642 _d76121 |
||